000 00484nam a2200181Ia 4500
005 20260415160345.0
008 008 250505s9999 xx 000 0 hin d
037 _aTextual
040 _aFEDL
_beng
_cFEDL
041 _ahin
_2eng
084 _aFH BHA
_qFEDL
100 _aBhatt Nanabhai
_9755857
245 0 _aMahabharat ke patra, Dusara bhag
260 _aPrayag, India
_bHindi Mandir
_c1946
300 _a150p
942 _cTEXL
_hFH BHA
999 _c1322051
_d1322051